[Event "FIDE World Blitz-ch Women 2018"]
[Site "St. Petersburg"]
[Date "2018.12.29"]
[Round "7.2"]
[White "Khademalsharieh, Sarasadat"]
[Black "Ju, Wenjun"]
[Result "1-0"]
[WhiteElo "2470"]
[BlackElo "2575"]
[Annotator "ChessBase"]
[PlyCount "73"]
[EventDate "2018.12.19"]
[EventType "swiss"]
[EventCountry "RUS"]
[SourceTitle "playchess.com"]
[Source "ChessBase"]
[SourceQuality "1"]

1. d4 Nf6 2. c4 e6 3. Nf3 d5 4. Nc3 Bb4 5. Qa4+ Nc6 6. Bg5 h6 7. Bxf6 Qxf6 8. cxd5 exd5 9. e3 O-O 10. Rc1 Qg6 11. Qd1 Bg4 12. Be2 Bxf3 13. Bxf3 Ne7 14. O-O c6 15. a3 Bd6 16. Na4 Rab8 17. Nc5 Rfd8 18. Qa4 a6 19. Qc2 Qf6 20. b4 Nf5 21. Bg4 Bxc5 22. bxc5 Ne7 23. Rb1 Qg5 24. Be2 f5 25. g3 Ng6 26. Rb3 Rf8 27. Kh1 h5 28. Rfb1 h4 29. Rxb7 Rxb7 30. Rxb7 hxg3 31. hxg3 Rf6 32. Rb8+ Kh7 33. Kg2 f4 34. exf4 Rxf4 35. Bd3 Rxd4 36. Bxg6+ Qxg6 37. Rh8+ 1-0

[Event "FIDE World Blitz-ch Women 2018"]
[Site "St. Petersburg"]
[Date "2018.12.29"]
[Round "7.3"]
[White "Haussernot, Cecile"]
[Black "Koneru, Humpy"]
[Result "0-1"]
[WhiteElo "2196"]
[BlackElo "2541"]
[Annotator "ChessBase"]
[PlyCount "66"]
[EventDate "2018.12.19"]
[EventType "swiss"]
[EventCountry "RUS"]
[SourceTitle "playchess.com"]
[Source "ChessBase"]
[SourceQuality "1"]

1. e4 e5 2. Nf3 Nf6 3. Nxe5 d6 4. Nf3 Nxe4 5. Nc3 Nxc3 6. dxc3 Be7 7. Bf4 O-O 8. Qd2 Nd7 9. O-O-O Nc5 10. Bd3 c6 11. h4 Re8 12. Ng5 h6 13. Bh7+ Kf8 14. Nf3 Ne6 15. Bf5 Qa5 16. Bxe6 Bxe6 17. a3 Qd5 18. Bxh6 Qa2 19. Qd4 f6 20. Bf4 Qa1+ 21. Kd2 Qxb2 22. Rb1 Qxa3 23. Rxb7 c5 24. Qe3 Qa2 25. Rc7 Qd5+ 26. Kc1 Rab8 27. Re1 Kf7 28. Nd2 c4 29. Nxc4 Red8 30. Rd1 Rb1+ 31. Kxb1 Qxd1+ 32. Kb2 Rb8+ 33. Ka3 Qa1# 0-1

[Event "FIDE World Blitz-ch Women 2018"]
[Site "St. Petersburg"]
[Date "2018.12.29"]
[Round "7.4"]
[White "Gunina, Valentina"]
[Black "Lei, Tingjie"]
[Result "0-1"]
[WhiteElo "2496"]
[BlackElo "2453"]
[Annotator "ChessBase"]
[PlyCount "68"]
[EventDate "2018.12.19"]
[EventType "swiss"]
[EventCountry "RUS"]
[SourceTitle "playchess.com"]
[Source "ChessBase"]
[SourceQuality "1"]

1. e4 e5 2. Nf3 Nc6 3. Bc4 Bc5 4. O-O Nf6 5. d3 O-O 6. Bg5 Be7 7. a4 d6 8. Nbd2 Be6 9. h3 Qd7 10. c3 Bxc4 11. Nxc4 Rfe8 12. Bxf6 Bxf6 13. Qb3 Rab8 14. Ne3 g6 15. Nd5 Bg7 16. Nh2 Ne7 17. Nxe7+ Rxe7 18. Ng4 h5 19. Ne3 c6 20. a5 Rbe8 21. a6 b6 22. Rae1 Kh7 23. Qd1 Bh6 24. Kh2 d5 25. g3 dxe4 26. dxe4 Qc8 27. Qe2 Rd8 28. Rd1 Red7 29. Nc4 Qxa6 30. b3 Qb5 31. Qc2 Qc5 32. Kg2 b5 33. Nb2 Rd2 34. Nd3 R8xd3 0-1

[Event "FIDE World Blitz-ch Women 2018"]
[Site "St. Petersburg"]
[Date "2018.12.29"]
[Round "7.5"]
[White "Muzychuk, Anna"]
[Black "Cramling, Pia"]
[Result "0-1"]
[WhiteElo "2569"]
[BlackElo "2465"]
[Annotator "ChessBase"]
[PlyCount "102"]
[EventDate "2018.12.19"]
[EventType "swiss"]
[EventCountry "RUS"]
[SourceTitle "playchess.com"]
[Source "ChessBase"]
[SourceQuality "1"]

1. e4 c5 2. Nf3 d6 3. Bb5+ Nd7 4. O-O Ngf6 5. Re1 a6 6. Bf1 b6 7. d4 cxd4 8. Nxd4 Bb7 9. c4 Nxe4 10. Nf5 e6 11. Nd4 Nef6 12. Nc3 Be7 13. Bf4 O-O 14. Bg3 Rc8 15. Rc1 Re8 16. h3 Bf8 17. Qd2 Qc7 18. b3 Qb8 19. Rcd1 Ne5 20. Na4 Qc7 21. Qb4 Nfd7 22. Qd2 Rcd8 23. Nc3 Nf6 24. Bh4 Be7 25. Bg3 Qb8 26. Na4 Nfd7 27. Nc3 Rc8 28. Bf4 Qc7 29. Bg3 b5 30. f4 Nc6 31. Nxc6 Bxc6 32. cxb5 axb5 33. Ne4 d5 34. f5 e5 35. Nf2 Bc5 36. Kh2 Nf6 37. Nd3 Bd6 38. Rc1 Qb8 39. Nb4 Bb7 40. Nc2 Ne4 41. Rxe4 dxe4 42. Rd1 Red8 43. Qf2 f6 44. Ne3 Bc5 45. Re1 Qa7 46. Bxb5 Rd6 47. Bc4+ Kh8 48. Qe2 Rcd8 49. Ng4 Rd2 50. Qf1 e3 51. Bxe5 Rxg2+ 0-1

[Event "FIDE World Blitz-ch Women 2018"]
[Site "St. Petersburg"]
[Date "2018.12.29"]
[Round "7.6"]
[White "Zhao, Xue"]
[Black "Abdumalik, Zhansaya"]
[Result "1/2-1/2"]
[WhiteElo "2485"]
[BlackElo "2470"]
[Annotator "ChessBase"]
[PlyCount "68"]
[EventDate "2018.12.19"]
[EventType "swiss"]
[EventCountry "RUS"]
[SourceTitle "playchess.com"]
[Source "ChessBase"]
[SourceQuality "1"]

1. d4 Nf6 2. Bf4 g6 3. Nc3 d5 4. h4 Bg7 5. e3 h6 6. Nf3 a6 7. Be2 c5 8. dxc5 Qa5 9. Qd2 Qxc5 10. O-O-O Be6 11. Nd4 Bd7 12. Nb3 Qc6 13. Nxd5 Nxd5 14. Qxd5 Qxd5 15. Rxd5 Bc6 16. Rd2 Bxg2 17. Rhd1 Nc6 18. Nc5 Ne5 19. Bg3 Bc6 20. f4 Nf3 21. Bxf3 Bxf3 22. Rf1 Bc6 23. f5 gxf5 24. Rxf5 Rc8 25. c3 Rg8 26. Bf4 e6 27. Re5 Bxe5 28. Bxe5 Rg1+ 29. Kc2 Rg2 30. Rxg2 Bxg2 31. Nb3 Be4+ 32. Kd2 Ke7 33. Nd4 f6 34. Bf4 e5 1/2-1/2

[Event "FIDE World Blitz-ch Women 2018"]
[Site "St. Petersburg"]
[Date "2018.12.29"]
[Round "7.7"]
[White "Harika, Dronavalli"]
[Black "Shuvalova, Polina"]
[Result "1-0"]
[WhiteElo "2494"]
[BlackElo "2441"]
[Annotator "ChessBase"]
[PlyCount "99"]
[EventDate "2018.12.19"]
[EventType "swiss"]
[EventCountry "RUS"]
[SourceTitle "playchess.com"]
[Source "ChessBase"]
[SourceQuality "1"]

1. d3 d5 2. g3 Nf6 3. Bg2 e6 4. Nf3 Be7 5. O-O O-O 6. Nbd2 a5 7. e4 a4 8. a3 c5 9. Re1 Nc6 10. e5 Nd7 11. Nf1 b5 12. h4 b4 13. N1h2 bxa3 14. bxa3 Rb8 15. h5 h6 16. Ng4 Re8 17. Bf4 Bf8 18. Qc1 Ba6 19. Nxh6+ gxh6 20. Bxh6 Bxh6 21. Qxh6 Qe7 22. Ng5 Nf8 23. c4 Nd4 24. cxd5 Nf5 25. Qf6 Qxf6 26. exf6 Nh7 27. Nxh7 Kxh7 28. dxe6 fxe6 29. Rac1 Rbc8 30. Re5 Bxd3 31. Rcxc5 Rxc5 32. Rxc5 Rf8 33. g4 Nd4 34. g5 Be2 35. Rc7+ Kg8 36. h6 Bd3 37. Rd7 Ne2+ 38. Kh2 Nf4 39. Kg3 e5 40. Bd5+ Nxd5 41. Rxd5 Bg6 42. Rxe5 Rc8 43. Re7 Kh8 44. Rg7 Bf5 45. g6 Rf8 46. Rh7+ Kg8 47. f7+ Rxf7 48. gxf7+ Kf8 49. Rg7 Be6 50. Rg5 1-0

[Event "FIDE World Blitz-ch Women 2018"]
[Site "St. Petersburg"]
[Date "2018.12.29"]
[Round "7.8"]
[White "Muzychuk, Mariya"]
[Black "Bodnaruk, Anastasia"]
[Result "1/2-1/2"]
[WhiteElo "2540"]
[BlackElo "2420"]
[Annotator "ChessBase"]
[PlyCount "63"]
[EventDate "2018.12.19"]
[EventType "swiss"]
[EventCountry "RUS"]
[SourceTitle "playchess.com"]
[Source "ChessBase"]
[SourceQuality "1"]

1. e4 c5 2. Nf3 d6 3. c3 Nf6 4. Bd3 g6 5. O-O Bg7 6. Bc2 O-O 7. d4 Nc6 8. d5 Ne5 9. Nxe5 dxe5 10. Be3 b6 11. h3 Ne8 12. Nd2 Nd6 13. f4 exf4 14. Bxf4 e5 15. dxe6 Bxe6 16. e5 Nc4 17. Be4 Rc8 18. Nxc4 Bxc4 19. Re1 Qxd1 20. Raxd1 Rcd8 21. Rd6 Rde8 22. Bc6 Re7 23. b3 Ba6 24. c4 h6 25. h4 Bc8 26. Kf2 Kh7 27. g3 Bg4 28. Bd5 Rfe8 29. Bc6 Rc8 30. Bd5 Rce8 31. Bc6 Rc8 32. Bd5 1/2-1/2

[Event "FIDE World Blitz-ch Women 2018"]
[Site "St. Petersburg"]
[Date "2018.12.29"]
[Round "7.9"]
[White "Ushenina, Anna"]
[Black "Vega Gutierrez, Sabrina"]
[Result "1-0"]
[WhiteElo "2440"]
[BlackElo "2390"]
[Annotator "NA"]
[PlyCount "39"]
[EventDate "2018.12.19"]
[EventType "swiss"]
[EventCountry "RUS"]
[SourceTitle "playchess.com"]
[Source "ChessBase"]
[SourceQuality "1"]

1. d4 d5 2. Nf3 c6 3. Bf4 Bg4 4. e3 Nd7 5. c4 e6 6. Qb3 Qb6 7. Nbd2 Ngf6 8. c5 Qxb3 9. axb3 a6 10. b4 Rc8 11. h3 Bf5 12. Nb3 Ne4 13. Be2 Be7 14. Na5 g5 15. Bh2 b5 16. Nb7 Ra8 17. Nd2 Ra7 18. Na5 Nxd2 19. Kxd2 Ra8 20. Nxc6 1-0

[Event "FIDE World Blitz-ch Women 2018"]
[Site "St. Petersburg"]
[Date "2018.12.29"]
[Round "7.10"]
[White "Dzagnidze, Nana"]
[Black "Arabidze, Meri"]
[Result "1/2-1/2"]
[WhiteElo "2513"]
[BlackElo "2387"]
[Annotator "ChessBase"]
[PlyCount "80"]
[EventDate "2018.12.19"]
[EventType "swiss"]
[EventCountry "RUS"]
[SourceTitle "playchess.com"]
[Source "ChessBase"]
[SourceQuality "1"]

1. c4 e6 2. Nf3 d5 3. b3 Nf6 4. Bb2 c5 5. cxd5 exd5 6. e3 Nc6 7. Bb5 Bd6 8. O-O O-O 9. d4 cxd4 10. Bxc6 bxc6 11. Qxd4 Re8 12. Nbd2 c5 13. Qh4 Ne4 14. Qxd8 Rxd8 15. Nxe4 dxe4 16. Ne5 Bxe5 17. Bxe5 Ba6 18. Rfc1 Rac8 19. Rc2 f6 20. Bb2 c4 21. Bd4 cxb3 22. Rxc8 Bxc8 23. axb3 a6 24. h3 Kf7 25. Rc1 Kg6 26. Rc6 Bb7 27. Rc7 Bd5 28. b4 Rb8 29. Bc5 Bc4 30. g4 Be2 31. Kg2 h5 32. gxh5+ Bxh5 33. Kg3 Be2 34. Kf4 Bd3 35. h4 Rh8 36. Kg3 Bb5 37. Kg4 Be2+ 38. Kg3 Bd3 39. Ra7 Bb5 40. Rc7 Bd3 1/2-1/2

[Event "FIDE World Blitz-ch Women 2018"]
[Site "St. Petersburg"]
[Date "2018.12.29"]
[Round "7.11"]
[White "Vo, Thi Kim Phung"]
[Black "Tan, Zhongyi"]
[Result "0-1"]
[WhiteElo "2352"]
[BlackElo "2508"]
[Annotator "ChessBase"]
[PlyCount "162"]
[EventDate "2018.12.19"]
[EventType "swiss"]
[EventCountry "RUS"]
[SourceTitle "playchess.com"]
[Source "ChessBase"]
[SourceQuality "1"]

1. d4 Nf6 2. c4 e6 3. Nc3 Bb4 4. Qc2 O-O 5. Nf3 d6 6. Bd2 b6 7. a3 Bxc3 8. Bxc3 Bb7 9. Nd2 c5 10. dxc5 bxc5 11. e4 d5 12. e5 Nfd7 13. cxd5 exd5 14. Nb3 d4 15. Bd2 Nxe5 16. Nxc5 Bd5 17. Bd3 Nxd3+ 18. Qxd3 Qe7+ 19. Kf1 Qxc5 20. Rc1 Qb6 21. Bb4 Re8 22. Rc5 Bb7 23. Qxd4 Nc6 24. Qc3 Nxb4 25. axb4 Qa6+ 26. b5 Qa1+ 27. Qc1 Qxc1+ 28. Rxc1 h6 29. f3 Rac8 30. Ra1 Rc5 31. Kf2 Rxb5 32. Rxa7 Rxb2+ 33. Kg3 Ree2 34. Rg1 Bd5 35. Rd7 Be6 36. Rc7 g5 37. Rc5 Kg7 38. Ra5 Kg6 39. h3 h5 40. Rc5 h4+ 41. Kh2 Rbd2 42. Rc3 Bd5 43. Ra3 Rf2 44. Kh1 f6 45. Rc3 Kf5 46. Ra3 Rfe2 47. Rc3 Ke5 48. Ra3 f5 49. Ra7 Kf4 50. Ra4+ Kg3 51. Ra3 Kf2 52. Raa1 Rd3 53. Rac1 Kg3 54. Rc5 Kf4 55. Ra5 g4 56. Ra4+ Kg5 57. hxg4 h3 58. gxf5 Kxf5 59. Kh2 Bxf3 60. Rf1 Rxg2+ 61. Kxh3 Rg8 62. Ra5+ Kf4 63. Ra4+ Ke3 64. Re1+ Kf2 65. Re5 Bc6+ 66. Kh4 Bxa4 67. Rf5+ Ke1 68. Re5+ Kd2 69. Re4 Bc6 70. Rc4 Rh8+ 71. Kg5 Bd5 72. Rb4 Rg3+ 73. Kf6 Rf8+ 74. Ke7 Rf5 75. Rb2+ Kc1 76. Rb4 Re3+ 77. Kd6 Ba2 78. Ra4 Rd5+ 79. Kc7 Rc3+ 80. Kb6 Rd2 81. Rb4 Rb2 0-1

[Event "FIDE World Blitz-ch Women 2018"]
[Site "St. Petersburg"]
[Date "2018.12.29"]
[Round "7.12"]
[White "Gevorgyan, Maria"]
[Black "Goryachkina, Aleksandra"]
[Result "0-1"]
[WhiteElo "2228"]
[BlackElo "2518"]
[Annotator "ChessBase"]
[PlyCount "53"]
[EventDate "2018.12.19"]
[EventType "swiss"]
[EventCountry "RUS"]
[SourceTitle "playchess.com"]
[Source "ChessBase"]
[SourceQuality "1"]

1. e4 c6 2. f4 d5 3. e5 c5 4. c3 Nc6 5. Nf3 Nh6 6. Na3 Bg4 7. Nc2 e6 8. d3 Be7 9. Ne3 Bxf3 10. Qxf3 d4 11. Nc2 dxc3 12. bxc3 O-O 13. Rb1 Qd7 14. Be3 Rfd8 15. Bf2 Qc7 16. g4 Qa5 17. Kd2 Nd4 18. Qxb7 Nxc2 19. Kxc2 Nxg4 20. Bg1 Qa4+ 21. Qb3 Qxf4 22. Be2 Bg5 23. Rd1 Nxe5 24. h4 Bh6 25. Bxc5 Rab8 26. Qa3 Nc4 27. Qa6 0-1

[Event "FIDE World Blitz-ch Women 2018"]
[Site "St. Petersburg"]
[Date "2018.12.29"]
[Round "7.13"]
[White "Mirzoeva, Elmira"]
[Black "Galliamova, Alisa"]
[Result "0-1"]
[WhiteElo "2281"]
[BlackElo "2444"]
[Annotator "NA"]
[PlyCount "98"]
[EventDate "2018.12.19"]
[EventType "swiss"]
[EventCountry "RUS"]
[SourceTitle "playchess.com"]
[Source "ChessBase"]
[SourceQuality "1"]

1. Nf3 d5 2. e3 Nf6 3. c4 e6 4. b3 Be7 5. Bb2 O-O 6. g3 c5 7. Bg2 Nc6 8. O-O dxc4 9. bxc4 Qc7 10. Nc3 Rd8 11. Nb5 Qb6 12. Rb1 a6 13. Nc3 Qc7 14. Qe2 e5 15. d3 Bg4 16. Rfd1 Bh5 17. Rd2 Rd7 18. Qf1 Rad8 19. Ne1 h6 20. a3 Bg6 21. Nd5 Nxd5 22. Bxd5 Rxd5 23. cxd5 Rxd5 24. Rc1 Qd7 25. e4 Rd6 26. Qe2 b6 27. Nf3 Bh5 28. Qe3 Qe6 29. Bc3 Nd4 30. Bxd4 exd4 31. Qf4 Bxf3 32. Qxf3 Bg5 33. Rdc2 Bxc1 34. Rxc1 g6 35. Rb1 Kg7 36. Rb2 b5 37. Qf4 c4 38. Kg2 c3 39. Rc2 a5 40. e5 Rd5 41. Re2 b4 42. axb4 axb4 43. Re4 c2 44. Qc1 b3 45. Qb2 Qc6 46. Re1 Rxe5+ 47. f3 Rxe1 48. Qxd4+ Qf6 49. Qc5 c1=Q 0-1

[Event "FIDE World Blitz-ch Women 2018"]
[Site "St. Petersburg"]
[Date "2018.12.29"]
[Round "7.14"]
[White "Buksa, Nataliya"]
[Black "Maletina, Tatiana"]
[Result "1-0"]
[WhiteElo "2410"]
[BlackElo "2270"]
[Annotator "NA"]
[PlyCount "121"]
[EventDate "2018.12.19"]
[EventType "swiss"]
[EventCountry "RUS"]
[SourceTitle "playchess.com"]
[Source "ChessBase"]
[SourceQuality "1"]

1. d4 e6 2. e4 d5 3. e5 c5 4. c3 Nc6 5. Nf3 Qb6 6. Na3 cxd4 7. cxd4 Bb4+ 8. Bd2 Bd7 9. Nc2 Bxd2+ 10. Qxd2 Qxb2 11. Bd3 Nge7 12. O-O Qb6 13. Rab1 Qc7 14. Ne3 Ng6 15. g3 O-O 16. h4 f5 17. exf6 Rxf6 18. Ng5 h6 19. Ng4 Qd8 20. Nxf6+ Qxf6 21. Bxg6 Qxg6 22. Rxb7 Bc8 23. Rc7 hxg5 24. Rxc6 gxh4 25. Rfc1 Bd7 26. Rc7 hxg3 27. f3 Bb5 28. Rc8+ Rxc8 29. Rxc8+ Kh7 30. Kg2 Qb1 31. Rc1 Qf5 32. Kxg3 Qg6+ 33. Kf2 Qf5 34. Qe3 a6 35. Qd2 Qh3 36. Qf4 Qh5 37. Kg2 Qg6+ 38. Qg3 Qf5 39. Qh4+ Kg6 40. Qg4+ Qxg4+ 41. fxg4 Bc4 42. a3 Kg5 43. Kg3 Kf6 44. Rb1 Kg5 45. Rb6 Kf6 46. Kf4 g5+ 47. Ke3 Kf7 48. a4 Kf6 49. a5 Kf7 50. Kd2 Kf6 51. Kc3 Be2 52. Kb4 Ke7 53. Kc5 Bxg4 54. Rxa6 Be2 55. Ra7+ Kf6 56. Ra8 e5 57. dxe5+ Ke6 58. a6 g4 59. a7 d4 60. Re8+ Kd7 61. a8=Q 1-0

[Event "FIDE World Blitz-ch Women 2018"]
[Site "St. Petersburg"]
[Date "2018.12.29"]
[Round "7.15"]
[White "Shafigullina, Zarina"]
[Black "Danielian, Elina"]
[Result "0-1"]
[WhiteElo "2140"]
[BlackElo "2427"]
[Annotator "NA"]
[PlyCount "72"]
[EventDate "2018.12.19"]
[EventType "swiss"]
[EventCountry "RUS"]
[SourceTitle "playchess.com"]
[Source "ChessBase"]
[SourceQuality "1"]

1. d4 e6 2. Nf3 b6 3. g3 Bb7 4. Bg2 Nf6 5. O-O Be7 6. c4 O-O 7. Nc3 Ne4 8. Qc2 Nxc3 9. bxc3 Qc8 10. Ng5 f5 11. d5 h6 12. Nh3 e5 13. e4 d6 14. exf5 Qxf5 15. Qxf5 Rxf5 16. Be4 Rf8 17. f4 Nd7 18. Be3 Ba6 19. Bd3 Bf6 20. Rac1 Rae8 21. Be2 exf4 22. Bg4 Ne5 23. Be6+ Rxe6 24. dxe6 fxe3 25. Nf4 Bxc4 26. Kg2 Bxf1+ 27. Rxf1 Re8 28. Re1 Nc4 29. h4 c6 30. Kh3 d5 31. g4 Bxc3 32. Re2 Be5 33. Ng6 Rxe6 34. Nxe5 Rxe5 35. Kg3 d4 36. Kf4 d3 0-1

[Event "FIDE World Blitz-ch Women 2018"]
[Site "St. Petersburg"]
[Date "2018.12.29"]
[Round "7.16"]
[White "Ambartsumova, Karina"]
[Black "Garifullina, Leya"]
[Result "0-1"]
[WhiteElo "2383"]
[BlackElo "2132"]
[Annotator "NA"]
[PlyCount "126"]
[EventDate "2018.12.19"]
[EventType "swiss"]
[EventCountry "RUS"]
[SourceTitle "playchess.com"]
[Source "ChessBase"]
[SourceQuality "1"]

1. Nf3 d5 2. d4 Nf6 3. c4 e6 4. Nc3 c6 5. cxd5 exd5 6. Bg5 Be7 7. Qc2 g6 8. e3 Bf5 9. Bd3 Bxd3 10. Qxd3 Nbd7 11. Bh6 Bf8 12. Bf4 Bg7 13. O-O O-O 14. b4 a6 15. Rab1 Re8 16. Nd2 b5 17. h3 Nb6 18. Nf3 Nc4 19. Rfe1 Ne4 20. Rbc1 a5 21. bxa5 Qxa5 22. Re2 Qa3 23. Qc2 Nxc3 24. Qxc3 Qxc3 25. Rxc3 Ra4 26. Rcc2 Rea8 27. Ne1 Bf8 28. Nd3 f6 29. g4 Kf7 30. Kg2 Ra3 31. Nc1 Bb4 32. h4 Rc3 33. Rxc3 Bxc3 34. Rc2 Bb2 35. Nd3 Ba3 36. f3 Bd6 37. Kf2 Bxf4 38. Nxf4 Ke7 39. Re2 Kf7 40. h5 g5 41. Nd3 Ra3 42. Nb4 Na5 43. Rc2 Nc4 44. Re2 Na5 45. e4 Ra4 46. exd5 Rxb4 47. d6 Rxd4 48. Re7+ Kf8 49. Ra7 Nc4 50. d7 Ke7 51. d8=Q+ Kxd8 52. Rxh7 Rd2+ 53. Kg1 Rd3 54. Kf2 Ne5 55. h6 Rxf3+ 56. Kg2 Ra3 57. Rh8+ Ke7 58. h7 Nf7 59. Rb8 Rxa2+ 60. Kg3 Ra3+ 61. Kg2 Rd3 62. Rg8 Rd8 63. Rg7 Rh8 0-1

[Event "FIDE World Blitz-ch Women 2018"]
[Site "St. Petersburg"]
[Date "2018.12.29"]
[Round "7.17"]
[White "Semenova, Elena"]
[Black "Guichard, Pauline"]
[Result "0-1"]
[WhiteElo "2260"]
[BlackElo "2378"]
[Annotator "NA"]
[PlyCount "102"]
[EventDate "2018.12.19"]
[EventType "swiss"]
[EventCountry "RUS"]
[SourceTitle "playchess.com"]
[Source "ChessBase"]
[SourceQuality "1"]

1. e4 e5 2. Nf3 Nc6 3. d4 exd4 4. Nxd4 g6 5. Bc4 Bg7 6. Nxc6 bxc6 7. O-O Ne7 8. Nc3 O-O 9. Bg5 h6 10. Bh4 Rb8 11. Bb3 Ba6 12. Re1 d6 13. e5 d5 14. Na4 g5 15. Bg3 Nf5 16. Nc5 Bc8 17. c3 Qe7 18. Nd3 Be6 19. Nb4 Rb6 20. Bc2 Rd8 21. Bxf5 Bxf5 22. Qd2 a5 23. Nd3 Bxd3 24. Qxd3 Rxb2 25. Qf5 Qe6 26. Qd3 Rdb8 27. a4 c5 28. f4 gxf4 29. Bxf4 d4 30. cxd4 Qd5 31. Qe4 Qxd4+ 32. Kh1 Rf2 33. Qxd4 cxd4 34. Bg3 Rc2 35. Rac1 Rbb2 36. Rxc2 Rxc2 37. Rd1 c5 38. h3 Kf8 39. Kg1 Ke7 40. Kf1 Ke6 41. Rb1 Bxe5 42. Rb6+ Kd5 43. Bxe5 Kxe5 44. Rxh6 d3 45. Ra6 c4 46. Rxa5+ Kd4 47. Ra7 c3 48. Rd7+ Kc4 49. Rc7+ Kb4 50. Rd7 Rc1+ 51. Kf2 d2 0-1

[Event "FIDE World Blitz-ch Women 2018"]
[Site "St. Petersburg"]
[Date "2018.12.29"]
[Round "7.18"]
[White "Borisova, Ekaterina"]
[Black "Girya, Olga"]
[Result "1/2-1/2"]
[WhiteElo "2244"]
[BlackElo "2454"]
[Annotator "ChessBase"]
[PlyCount "93"]
[EventDate "2018.12.19"]
[EventType "swiss"]
[EventCountry "RUS"]
[SourceTitle "playchess.com"]
[Source "ChessBase"]
[SourceQuality "1"]

1. d4 d5 2. c4 c6 3. Nf3 Nf6 4. g3 dxc4 5. Bg2 Bf5 6. O-O e6 7. Ne5 Nbd7 8. Nxc4 Be7 9. Nc3 h6 10. e4 Bh7 11. Qe2 O-O 12. Rd1 Bg6 13. Be3 Bb4 14. Bf4 Bh5 15. f3 Bg6 16. Rac1 Re8 17. Nd6 Bxd6 18. Bxd6 Qb6 19. Na4 Qa5 20. b3 Rac8 21. Qd2 Qxd2 22. Rxd2 Red8 23. Bf4 b5 24. Nc5 Nxc5 25. Rxc5 Nd7 26. Rcc2 f6 27. Be3 a6 28. Kf2 e5 29. Bh3 Ra8 30. Be6+ Bf7 31. Bxf7+ Kxf7 32. Rxc6 Rdc8 33. Rdc2 Rxc6 34. Rxc6 exd4 35. Bxd4 a5 36. Ke3 a4 37. b4 Nf8 38. Rc7+ Kg6 39. Rb7 Rc8 40. Rxb5 Rc2 41. a3 Ra2 42. Bc5 Rxa3+ 43. Kf2 Ne6 44. Ra5 Ra2+ 45. Ke3 Ra3+ 46. Kf2 Ra2+ 47. Ke3 1/2-1/2

[Event "FIDE World Blitz-ch Women 2018"]
[Site "St. Petersburg"]
[Date "2018.12.29"]
[Round "7.19"]
[White "Khotenashvili, Bela"]
[Black "Drozdova, Dina"]
[Result "0-1"]
[WhiteElo "2479"]
[BlackElo "2178"]
[Annotator "ChessBase"]
[PlyCount "104"]
[EventDate "2018.12.19"]
[EventType "swiss"]
[EventCountry "RUS"]
[SourceTitle "playchess.com"]
[Source "ChessBase"]
[SourceQuality "1"]

1. d4 Nf6 2. Bg5 d5 3. e3 Nbd7 4. Nd2 e6 5. c3 Be7 6. Bd3 b6 7. f4 Bb7 8. Ngf3 Ne4 9. Bxe7 Qxe7 10. Qe2 f5 11. O-O-O O-O-O 12. Ne5 Nxe5 13. dxe5 Nxd2 14. Rxd2 c5 15. Ba6 Bxa6 16. Qxa6+ Qb7 17. Qe2 Rd7 18. Rhd1 Rhd8 19. g4 g6 20. h4 b5 21. h5 Qb6 22. Kb1 a5 23. a3 Kb8 24. Qf2 b4 25. cxb4 axb4 26. axb4 Qxb4 27. Rd3 Ra7 28. Qc2 c4 29. Rc3 Rdd7 30. Kc1 Rdb7 31. gxf5 gxf5 32. Kd2 Qxb2 33. Rg1 Qxc2+ 34. Rxc2 Ra3 35. Rg8+ Ka7 36. h6 Rab3 37. Rg7 Rb1 38. Ra2+ Kb6 39. Kc3 Rxg7 40. hxg7 Rg1 41. Rh2 Rxg7 42. Rh6 Kc5 43. Rxe6 Rg3 44. Kd2 Rg2+ 45. Kd1 c3 46. Re8 Kc4 47. Rd8 c2+ 48. Kc1 Kc3 49. Rc8+ Kd3 50. e6 Rg1+ 51. Kb2 Rb1+ 52. Ka2 c1=Q 0-1

[Event "FIDE World Blitz-ch Women 2018"]
[Site "St. Petersburg"]
[Date "2018.12.29"]
[Round "7.20"]
[White "Stefanova, Antoaneta"]
[Black "Murashova, Ekaterina"]
[Result "1-0"]
[WhiteElo "2486"]
[BlackElo "2259"]
[Annotator "ChessBase"]
[PlyCount "79"]
[EventDate "2018.12.19"]
[EventType "swiss"]
[EventCountry "RUS"]
[SourceTitle "playchess.com"]
[Source "ChessBase"]
[SourceQuality "1"]

1. d4 d5 2. Bf4 Nf6 3. e3 c5 4. c3 Nc6 5. Nd2 Qb6 6. Qb3 c4 7. Qc2 g6 8. e4 e6 9. e5 Nd7 10. b3 cxb3 11. axb3 Qc7 12. Ngf3 f6 13. Bb5 fxe5 14. Bxe5 Ncxe5 15. Nxe5 Bg7 16. f4 O-O 17. Bxd7 Bxd7 18. O-O a6 19. c4 Bxe5 20. fxe5 dxc4 21. bxc4 Qb6 22. Qd3 Bc6 23. Qe3 Rad8 24. Rxf8+ Rxf8 25. Rb1 Qd8 26. Ne4 Bxe4 27. Qxe4 Rf7 28. d5 Qc8 29. d6 Qc5+ 30. Kh1 b5 31. cxb5 axb5 32. h3 Kg7 33. Rd1 Rd7 34. Qf4 Qc4 35. Qf6+ Kh6 36. Qf8+ Kh5 37. Kh2 h6 38. Qf3+ Kg5 39. Qf6+ Kh5 40. g4+ 1-0

[Event "FIDE World Blitz-ch Women 2018"]
[Site "St. Petersburg"]
[Date "2018.12.29"]
[Round "7.21"]
[White "Michna, Marta"]
[Black "Mamedjarova, Zeinab"]
[Result "0-1"]
[WhiteElo "2333"]
[BlackElo "2338"]
[Annotator "NA"]
[PlyCount "142"]
[EventDate "2018.12.19"]
[EventType "swiss"]
[EventCountry "RUS"]
[SourceTitle "playchess.com"]
[Source "ChessBase"]
[SourceQuality "1"]

1. Nf3 d5 2. d3 Nf6 3. g3 c6 4. Bg2 Nbd7 5. Nbd2 e5 6. e4 Bd6 7. O-O O-O 8. c3 b6 9. Qc2 Bb7 10. a4 a5 11. Re1 Re8 12. Nh4 Rc8 13. Ndf3 h6 14. Nf5 Bc5 15. Be3 Bxe3 16. Nxe3 Nc5 17. Rad1 Qc7 18. Nh4 Rcd8 19. Nef5 Ba6 20. b4 Ne6 21. exd5 cxd5 22. b5 Bb7 23. Qb2 Kh7 24. c4 dxc4 25. Bxb7 Qxb7 26. dxc4 Rxd1 27. Rxd1 Ng5 28. Qc2 Qe4 29. Qxe4 Nfxe4 30. Kg2 Nc5 31. Nd6 Rd8 32. Rd5 Nxa4 33. Nb7 Rxd5 34. cxd5 Nc3 35. d6 Ne6 36. Nf5 a4 37. Ne3 a3 38. Nc2 a2 39. d7 Nxb5 40. d8=Q Nxd8 41. Nxd8 Nd4 42. Na1 b5 43. Nb7 b4 44. Nc5 f5 45. Ncb3 Nb5 46. Nc2 Kg6 47. Nxb4 Nc3 48. Na1 Kf6 49. h4 g5 50. h5 g4 51. f3 Kg5 52. fxg4 Kxg4 53. Nd3 e4 54. Nf4 Nd1 55. Nd5 Kxh5 56. Kf1 Kg4 57. Kg2 h5 58. Nf6+ Kg5 59. Nd5 h4 60. gxh4+ Kxh4 61. Nb4 Nc3 62. Nbc2 f4 63. Nd4 Kg4 64. Kf2 f3 65. Ke3 Nd1+ 66. Kd2 Nb2 67. Nac2 Nc4+ 68. Ke1 e3 69. Kf1 f2 70. Nb3 Nd2+ 71. Ke2 f1=Q+ 0-1

[Event "FIDE World Blitz-ch Women 2018"]
[Site "St. Petersburg"]
[Date "2018.12.29"]
[Round "7.22"]
[White "Voit, Daria"]
[Black "Savina, Anastasia"]
[Result "1-0"]
[WhiteElo "2358"]
[BlackElo "2334"]
[Annotator "NA"]
[PlyCount "63"]
[EventDate "2018.12.19"]
[EventType "swiss"]
[EventCountry "RUS"]
[SourceTitle "playchess.com"]
[Source "ChessBase"]
[SourceQuality "1"]

1. Nf3 g6 2. d4 Nf6 3. c4 Bg7 4. Nc3 d6 5. Bg5 O-O 6. e3 h6 7. Bh4 b6 8. Be2 Bb7 9. h3 Nbd7 10. O-O Ne4 11. Qc2 f5 12. Nxe4 Bxe4 13. Qb3 g5 14. Bg3 c5 15. d5 Bxf3 16. Bxf3 Qe8 17. Be2 Qg6 18. Rab1 Kh8 19. f4 gxf4 20. exf4 Rg8 21. Kh2 Nf6 22. Bf3 Raf8 23. Rbe1 Rf7 24. Qe3 Bf8 25. Bh4 Rfg7 26. Qe6 Ne4 27. Qxg6 Rxg6 28. Bxe4 fxe4 29. Rf2 e6 30. Rxe4 exd5 31. cxd5 R6g7 32. Bf6 1-0